| 000 | 00000nas 2200000zi 4500 |
| 001 | 9.931213 |
| 003 | CaOODSP |
| 005 | 20250108113014 |
| 006 | m o d f |
| 007 | cr cn||||||||| |
| 008 | 231207c20239999oncar p o f0### 0eng|d |
| 040 | |aCaOODSP|beng|erda|cCaOODSP |
| 043 | |an-cn--- |
| 086 | 1 |aMR1-34E-PDF |
| 110 | 2 |aCanadian Institutes of Health Research.|eauthor, |eissuing body. |
| 245 | 10|aAccessibility progress report … : |b… annual report. |
| 264 | 1|aOttawa, ON : |bInstituts de recherche en santeĢ du Canada = Canadian Institutes of Health Research, |c2023- |
| 310 | |aAnnual |
| 336 | |atext|btxt|2rdacontent |
| 337 | |acomputer|bc|2rdamedia |
| 338 | |aonline resource|bcr|2rdacarrier |
| 362 | 1 |aBegan with: Year 1 (2023). |
| 500 | |aIssued also in French under title: Rapport d'étape sur l'accessibilité … : rapport sur la ... |
| 588 | |aDescription based on: Year 1 (2023). |
| 588 | |aLatest issue consulted: Year 1 (2023). |
| 610 | 20|aCanadian Institutes of Health Research|vPeriodicals. |
| 650 | 0|aBarrier-free design|zCanada|xPlanning|vPeriodicals. |
| 650 | 0|aPeople with disabilities|xGovernment policy|zCanada|vPeriodicals. |
| 655 | 7|aPeriodicals|2lcgft |
| 775 | 08|tRapport d'étape sur l'accessibilité … : |w(CaOODSP)9.931214 |